Cuentos escritos a máquina / (Registro nro. 30955)

Detalles MARC
000 -CABECERA
campo de control de longitud fija 00960nam a22002297a 4500
008 - CÓDIGOS DE INFORMACIÓN DE LONGITUD FIJA
fixed length control field 250214b |||||||| |||| 00| 0 eng d
020 ## - NÚMERO INTERNACIONAL NORMALIZADO PARA LIBROS
ISBN 9789587435016
040 ## - Fuente de catalogación
Agencia original de catalogación CO-JMCR
Lenguaje de catalogación spa
Agencia de transcripción CO-JMCR
Agencia de modificación CO-JMCR
Convenciones de descripción rda
041 0# - CÓDIGO DE LENGUA
Código idioma spa
082 04 - NÚMERO DE LA CLASIFICACIÓN DECIMAL DEWEY
Número de clasificación Decimal C
Número de documento (Cutter) RODc
100 1# - PUNTO DE ACCESO PRINCIPAL-NOMBRE DE PERSONA
Término de función/relación autor
Nombre personal Rodari, Gianni,
9 (RLIN) 490
245 10 - TÍTULO PROPIAMENTE DICHO
Título Cuentos escritos a máquina /
Mención de responsabilidad, etc. Gianni Rodari.
300 ## - DESCRIPCIÓN FÍSICA
Extensión 327 páginas ;
Dimensiones 20 cm.
520 3# - RESUMEN, ETC.
Resumen,etc. Veintiséis relatos en los que Gianni Rodari plantea y describe de forma magistral situaciones cotidianas llenas de humor, imaginación e ironía, para ofrecernos su genial visión del mundo que nos ha tocado vivir.
650 14 - TÉRMINO DE MATERIA
9 (RLIN) 44095
650 24 - TÉRMINO DE MATERIA
9 (RLIN) 44096
650 24 - TÉRMINO DE MATERIA
9 (RLIN) 44097
650 24 - TÉRMINO DE MATERIA
9 (RLIN) 44098
650 24 - TÉRMINO DE MATERIA
9 (RLIN) 954
Existencias
Withdrawn status Lost status Source of classification or shelving scheme Damaged status Not for loan Collection code Home library Current library Shelving location Date acquired Total Checkouts Full call number Barcode Date last seen Copy number Price effective from Koha item type
    Dewey Decimal Classification     Fiction Biblioteca Pública José María del Castillo y Rada Biblioteca Pública José María del Castillo y Rada Book Cart 01/31/2025   C RODc 201812370 02/14/2025 Ej.1 02/14/2025 Books